Quick General Knowledge #4 - Statistics

General Stats
  • This quiz has been taken 27 times
  • The average score is 8 of 20
Answer Stats
Hint Answer % Correct
In alphabetical order, what state comes fourth? Arkansas
70%
What state has the most electoral college votes? California
65%
Sapporo is a major city in what asian country? Japan
65%
What is the base unit for measuring temperature? Kelvin
61%
What is the nickname for rolling a pair of ones of dice? Snake Eyes
52%
What year is the beginning year of the boomers? 1946
48%
What is the most popular salad dressing in the US? Ranch
48%
In the business abbreviation R&D, what does the R stand for? Research
43%
What kind of whale is Moby Dick? Sperm
43%
What oath do doctors take? Hippocratic
39%
Which country owns Turks and Caicos? United Kingdom
39%
What kind of software disguises itself to gain access to a computer? Malware
35%
What food does the brand "Roll Gold" make? Pretzels
30%
What is the name of a dish that contains a turkey, duck, and chicken? Turducken
30%
What is the name of a female duck? Hen
26%
What is the name of a single residential building divided into two separate living units? Duplex
22%
What is the internal passageway of a fireplace called, acting as an exhaust system? Flue
22%
305 is the area code for what city? Miami
22%
What paint brand produces the most paint in the US? Sherwin Williams
9%
In the military, what is slang for a kilometer? Klick
4%
No matching quizzes found
Score Distribution
Percent of People with Each Score
Percentile by Number Answered
Your Score History
You have not taken this quiz